000 00586cam a2200217ua 4500
001 9485
005 20260515114454.0
008 151009n ii |||gr||||Z||||||asm
020 _a8172061717
040 _cMAIN
041 _aasm
082 _a891.4514
100 _aNath, Prafulla Kumar,
_eAuthor.
245 1 _aAsamiya sahitya aru sanskritir ruprekha
_cby Prafulla Kumar Nath
250 _a1st ed.
260 _aGuwahati:
_bBani Mandir,
_c2004.
300 _a256p.
653 _aEast Indo-European & Celtic literatures
653 _aAssamese literature and culture
942 _cBK
999 _c8524
_d8524